| 000 | 00998nam a2200241 a 4500 | ||
|---|---|---|---|
| 005 | 20090727113643.0 | ||
| 008 | 040527s2005 nyu b 001 0 eng | ||
| 010 | _aENG-94568 | ||
| 020 | _c220.00 | ||
| 035 | _aEN-78101 | ||
| 037 | _bDBAD / PUB | ||
| 040 |
_adpl _bEnglish |
||
| 082 | _a570.15195 | ||
| 100 | _aArora, P.N. | ||
| 245 |
_aStatistical methods and computer applications / _cby P.N. Arora [and] N. Guruprasad |
||
| 260 |
_aNew Delhi _bHimalaya Publishing House _c2009 |
||
| 270 |
_bNew Delhi _e110002 _aPooja Apartments, 4-B, Murari Lal Street, Ansari Road, Daryaganj, |
||
| 300 |
_avii, 151p. _c25cm(pbk) |
||
| 700 | _aGuruprasad N. | ||
| 942 |
_2ddc _cEN _mARO _h570.15195 |
||
| 999 |
_c28699 _d28699 |
||